Hire Purchase System and Branch Account B.Com.II, S-IV, P-VI (NEP 2.0) (Record no. 1222136)

MARC details
000 -LEADER
fixed length control field 00450nam a2200169Ia 4500
008 - FIXED-LENGTH DATA ELEMENTS--GENERAL INFORMATION
fixed length control field 260520s2026 xx 000 0 und d
020 ## - INTERNATIONAL STANDARD BOOK NUMBER
International Standard Book Number 9789369932535
041 ## - LANGUAGE CODE
Language code of text/sound track or separate title eng
082 ## - DEWEY DECIMAL CLASSIFICATION NUMBER
Classification number 657.2/MAR
100 ## - MAIN ENTRY--PERSONAL NAME
Personal name Marulkar, K V
245 ## - TITLE STATEMENT
Title Hire Purchase System and Branch Account B.Com.II, S-IV, P-VI (NEP 2.0)
250 ## - EDITION STATEMENT
Edition statement 1st ed
260 ## - PUBLICATION, DISTRIBUTION, ETC.
Place of publication, distribution, etc. PUNE
Name of publisher, distributor, etc. NIRALI PRAKASHAN
Date of publication, distribution, etc. 2026
300 ## - PHYSICAL DESCRIPTION
Extent 180p.
500 ## - GENERAL NOTE
General note Cat No: 15236
650 ## - SUBJECT ADDED ENTRY--TOPICAL TERM
Topical term or geographic name entry element COMMERCE
Holdings
Withdrawn status Lost status Damaged status Not for loan Collection Home library Current library Shelving location Date acquired Source of acquisition Cost, normal purchase price Total Checkouts Full call number Barcode Date last seen Price effective from Koha item type Public note
          Dr.Patangrao Kadam Mahavidyalaya, Sangli Dr.Patangrao Kadam Mahavidyalaya, Sangli   23/04/2026 Bharati Madhyavarti Sahakari Grahak Bhandar, Pune (Best Book Supplier, Kolhapur) 250.00   657.2/MAR PKS-25359 27/05/2026 27/05/2026 Book TEXT BOOK SECTION
          Dr.Patangrao Kadam Mahavidyalaya, Sangli Dr.Patangrao Kadam Mahavidyalaya, Sangli   23/04/2026 Bharati Madhyavarti Sahakari Grahak Bhandar, Pune (Best Book Supplier, Kolhapur) 250.00   657.2/MAR PKS-25360 27/05/2026 27/05/2026 Book TEXT BOOK SECTION
          Dr.Patangrao Kadam Mahavidyalaya, Sangli Dr.Patangrao Kadam Mahavidyalaya, Sangli   23/04/2026 Bharati Madhyavarti Sahakari Grahak Bhandar, Pune (Best Book Supplier, Kolhapur) 250.00   657.2/MAR PKS-25361 27/05/2026 27/05/2026 Book TEXT BOOK SECTION
          Dr.Patangrao Kadam Mahavidyalaya, Sangli Dr.Patangrao Kadam Mahavidyalaya, Sangli   23/04/2026 Bharati Madhyavarti Sahakari Grahak Bhandar, Pune (Best Book Supplier, Kolhapur) 250.00   657.2/MAR PKS-25362 27/05/2026 27/05/2026 Book TEXT BOOK SECTION
          Dr.Patangrao Kadam Mahavidyalaya, Sangli Dr.Patangrao Kadam Mahavidyalaya, Sangli   23/04/2026 Bharati Madhyavarti Sahakari Grahak Bhandar, Pune (Best Book Supplier, Kolhapur) 250.00   657.2/MAR PKS-25363 27/05/2026 27/05/2026 Book TEXT BOOK SECTION